<?xml version="1.0" encoding="UTF-8"?>
<record
    xmlns:xsi="http://www.w3.org/2001/XMLSchema-instance"
    xsi:schemaLocation="http://www.loc.gov/MARC21/slim http://www.loc.gov/standards/marcxml/schema/MARC21slim.xsd"
    xmlns="http://www.loc.gov/MARC21/slim">

  <leader>01830    a2200229   4500</leader>
  <controlfield tag="001">16010</controlfield>
  <controlfield tag="005">20260407155453.0</controlfield>
  <controlfield tag="008">260407a1993    arg                 spa d</controlfield>
  <controlfield tag="003">AR-UNSa-BCEJYS</controlfield>
  <datafield tag="040" ind1=" " ind2=" ">
    <subfield code="a">AR-UNSa-BCEJYS</subfield>
    <subfield code="b">spa</subfield>
    <subfield code="c">AR-UNSa-BCEJYS</subfield>
  </datafield>
  <datafield tag="080" ind1=" " ind2=" ">
    <subfield code="a">342</subfield>
    <subfield code="x">Derecho constitucional (Derecho P&#xFA;blico)</subfield>
  </datafield>
  <datafield tag="245" ind1="1" ind2="0">
    <subfield code="a">Derecho constitucional</subfield>
  </datafield>
  <datafield tag="020" ind1=" " ind2=" ">
    <subfield code="a">980-14-0683-0</subfield>
  </datafield>
  <datafield tag="250" ind1=" " ind2=" ">
    <subfield code="a">3a. ed.</subfield>
  </datafield>
  <datafield tag="264" ind1=" " ind2="1">
    <subfield code="a">Buenos Aires :</subfield>
    <subfield code="b">Ediciones Depalma</subfield>
    <subfield code="c">1993</subfield>
  </datafield>
  <datafield tag="300" ind1=" " ind2=" ">
    <subfield code="a">xxv, 1067 p.</subfield>
    <subfield code="c">23 cm.</subfield>
  </datafield>
  <datafield tag="505" ind1=" " ind2=" ">
    <subfield code="a">I. Elementos de la teor&#xED;a constitucional: 1. Constituci&#xF3;n. Derecho Constitucional. Ciencia constitucional y teor&#xED;a constitucional - 2. Tipolog&#xED;a y clasificaci&#xF3;n de las constituciones - 3. El poder constituyente - 4. La Constituci&#xF3;n argentina y la teor&#xED;a constitucional -- II. La estructura constitucional positiva del Estado: La estructura normativa constitucional: 1. Principios generales - 2. Los actos jur&#xED;dicos constitucionales - 3. Los derechos constitucionales - 4. Los deberes p&#xFA;blicos subjetivos - La estructura de los principios constitucionales: 1. Clasificaci&#xF3;n de los principios constitucionales - 2. El principio de limitaci&#xF3;n - 3. El principio de funcionalidad - 4. El principio de supremac&#xED;a - 5. El subprincipio de unidad - 6. El subprincipio de razonabilidad: el debido proceso legal - 7. El subprincipio de control - 8. El principio de estabilidad -- La estructura org&#xE1;nica constitucional: 1. La estructura federal - 2. Las provincias - 3. El Poder Legislativo - 4. El Poder Ejecutivo - 5. El Poder Judicial -- La realidad constitucional al margen de la vigencia de su estructura normativa</subfield>
  </datafield>
  <datafield tag="942" ind1=" " ind2=" ">
    <subfield code="c">BK</subfield>
  </datafield>
  <datafield tag="590" ind1=" " ind2=" ">
    <subfield code="a">niveau_biblio:m niveau_hierar:0</subfield>
  </datafield>
  <datafield tag="100" ind1="1" ind2=" ">
    <subfield code="a">Quiroga Lavi&#xE9;, Humberto</subfield>
  </datafield>
  <datafield tag="856" ind1="4" ind2="1">
    <subfield code="u">https://biblioeco.unsa.edu.ar/pmb/images/libros/L70170.jpg</subfield>
    <subfield code="y">Imagen de portada</subfield>
    <subfield code="q">image/jpeg</subfield>
  </datafield>
  <datafield tag="999" ind1=" " ind2=" ">
    <subfield code="c">682</subfield>
    <subfield code="d">682</subfield>
  </datafield>
  <datafield tag="952" ind1=" " ind2=" ">
    <subfield code="0">0</subfield>
    <subfield code="1">0</subfield>
    <subfield code="4">0</subfield>
    <subfield code="7">0</subfield>
    <subfield code="a">BCEJYS</subfield>
    <subfield code="b">BCEJYS</subfield>
    <subfield code="c">16</subfield>
    <subfield code="d">2026-04-07</subfield>
    <subfield code="l">0</subfield>
    <subfield code="o">342 Q8d 3ed.</subfield>
    <subfield code="p">L70170</subfield>
    <subfield code="r">2026-04-07 15:54:53</subfield>
    <subfield code="w">2026-04-07</subfield>
    <subfield code="y">L</subfield>
  </datafield>
  <datafield tag="952" ind1=" " ind2=" ">
    <subfield code="0">0</subfield>
    <subfield code="1">0</subfield>
    <subfield code="4">0</subfield>
    <subfield code="7">0</subfield>
    <subfield code="a">BCEJYS</subfield>
    <subfield code="b">BCEJYS</subfield>
    <subfield code="c">16</subfield>
    <subfield code="d">2026-04-07</subfield>
    <subfield code="l">0</subfield>
    <subfield code="o">342 Q8d 3ed.</subfield>
    <subfield code="p">L70171</subfield>
    <subfield code="r">2026-04-07 15:54:53</subfield>
    <subfield code="w">2026-04-07</subfield>
    <subfield code="y">L</subfield>
    <subfield code="z">FOTOCOPIA EN P&#xC1;G 824 Y 825 - H&#xDA;MEDO - L&#xC1;PIZ</subfield>
  </datafield>
  <datafield tag="952" ind1=" " ind2=" ">
    <subfield code="0">0</subfield>
    <subfield code="1">0</subfield>
    <subfield code="4">0</subfield>
    <subfield code="7">0</subfield>
    <subfield code="a">BCEJYS</subfield>
    <subfield code="b">BCEJYS</subfield>
    <subfield code="c">16</subfield>
    <subfield code="d">2026-04-07</subfield>
    <subfield code="l">0</subfield>
    <subfield code="o">342 Q8d 3ed.</subfield>
    <subfield code="p">L85252</subfield>
    <subfield code="r">2026-04-07 15:54:53</subfield>
    <subfield code="w">2026-04-07</subfield>
    <subfield code="y">L</subfield>
  </datafield>
</record>
